MARC details
| 000 -LEADER |
| fixed length control field |
03242nam a2200385 a 4500 |
| 008 - FIXED-LENGTH DATA ELEMENTS--GENERAL INFORMATION |
| fixed length control field |
120416s1970 ||||||||||||||||| || u |
| 020 ## - INTERNATIONAL STANDARD BOOK NUMBER |
| International Standard Book Number |
0216875021 |
| 050 ## - LIBRARY OF CONGRESS CALL NUMBER |
| Classification number |
T 353 Abb |
| 100 ## - MAIN ENTRY--PERSONAL NAME |
| Personal name |
Abbott, William |
| 245 10 - TITLE STATEMENT |
| Title |
Technical drawing: a complete course in three parts in metric units |
| 260 ## - PUBLICATION, DISTRIBUTION, ETC. |
| Place of publication, distribution, etc. |
London: |
| Name of publisher, distributor, etc. |
Blackie/ELBS |
| Date of publication, distribution, etc. |
1970 |
| 300 ## - PHYSICAL DESCRIPTION |
| Extent |
208p. : ill. |
| 350 ## - |
| -- |
0.00 |
| 500 ## - GENERAL NOTE |
| General note |
246 copies in Electrical Department |
| 650 ## - SUBJECT ADDED ENTRY--TOPICAL TERM |
| Topical term or geographic name entry element |
TECHNICAL DRAWING |
| 650 ## - SUBJECT ADDED ENTRY--TOPICAL TERM |
| Topical term or geographic name entry element |
ENGINEERING GRAPHICS |
| 650 #7 - SUBJECT ADDED ENTRY--TOPICAL TERM |
| Topical term or geographic name entry element |
TECHNOLOGY |
| Source of heading or term |
fast |
| 995 ## - |
| -- |
BINDERY (DAMAGED) |
| -- |
0.00 |
| -- |
717502 |
| -- |
CBU-MAIN LIBRARY (Kitwe) |
| -- |
5 |
| -- |
2.75 |
| -- |
T 353 Abb |
| -- |
2 |
| -- |
DAMAGED |
| -- |
013242 |
| -- |
Main Library Open Access Collection |
| 995 ## - |
| -- |
BINDERY (DAMAGED) |
| -- |
0.00 |
| -- |
716044 |
| -- |
CBU-MAIN LIBRARY (Kitwe) |
| -- |
6 |
| -- |
2.75 |
| -- |
T 353 Abb |
| -- |
6 |
| -- |
DAMAGED |
| -- |
013246 |
| -- |
Main Library Open Access Collection |
| 995 ## - |
| -- |
TEXTBOOKS (COMP.SCIENCE) |
| -- |
0.00 |
| -- |
3281 |
| -- |
CBU-SCHOOL TEXTBOOK COLLECTIONS |
| -- |
1 |
| -- |
0.00 |
| -- |
SCHOOL TEXTBOOK |
| -- |
11 |
| -- |
AVAILABLE |
| -- |
Jul 14, 2009 |
| -- |
3281 |
| -- |
School Collections |
| 995 ## - |
| -- |
TEXTBOOKS (ELEC.ENG.) |
| -- |
0.00 |
| -- |
03844 |
| -- |
CBU-SCHOOL TEXTBOOK COLLECTIONS |
| -- |
1 |
| -- |
0.00 |
| -- |
SCHOOL TEXTBOOK |
| -- |
13 |
| -- |
AVAILABLE |
| -- |
Aug 20, 2009 |
| -- |
03844 |
| -- |
School Collections |
| 995 ## - |
| -- |
BINDERY (DAMAGED) |
| -- |
0.00 |
| -- |
711856 |
| -- |
CBU-MAIN LIBRARY (Kitwe) |
| -- |
1 |
| -- |
2.75 |
| -- |
T 353 Abb |
| -- |
9 |
| -- |
DAMAGED |
| -- |
013239 |
| -- |
Main Library Open Access Collection |
| 995 ## - |
| -- |
TEXTBOOKS (ELEC.ENG.) |
| -- |
0.00 |
| -- |
03845 |
| -- |
CBU-SCHOOL TEXTBOOK COLLECTIONS |
| -- |
1 |
| -- |
0.00 |
| -- |
SCHOOL TEXTBOOK |
| -- |
14 |
| -- |
AVAILABLE |
| -- |
Aug 20, 2009 |
| -- |
03845 |
| -- |
School Collections |
| 995 ## - |
| -- |
TEXTBOOKS (ELEC.ENG.) |
| -- |
0.00 |
| -- |
03847 |
| -- |
CBU-SCHOOL TEXTBOOK COLLECTIONS |
| -- |
1 |
| -- |
0.00 |
| -- |
SCHOOL TEXTBOOK |
| -- |
16 |
| -- |
AVAILABLE |
| -- |
Aug 20, 2009 |
| -- |
03847 |
| -- |
School Collections |
| 995 ## - |
| -- |
MAIN LIBRARY OPEN ACCESS |
| -- |
743278 |
| -- |
CBU-MAIN LIBRARY (Kitwe) |
| -- |
0.00 |
| -- |
T 353 Abb |
| -- |
17 |
| -- |
AVAILABLE |
| -- |
Sep 20, 2012 |
| -- |
743278 |
| -- |
Main Library Open Access Collection |
| 995 ## - |
| -- |
MAIN LIBRARY OPEN ACCESS |
| -- |
0.00 |
| -- |
717502 |
| -- |
CBU-MAIN LIBRARY (Kitwe) |
| -- |
4 |
| -- |
2.75 |
| -- |
T 353 Abb |
| -- |
4 |
| -- |
AVAILABLE |
| -- |
013244 |
| -- |
Main Library Open Access Collection |
| 995 ## - |
| -- |
BINDERY (DAMAGED) |
| -- |
0.00 |
| -- |
716045 |
| -- |
CBU-MAIN LIBRARY (Kitwe) |
| -- |
8 |
| -- |
2.75 |
| -- |
T 353 Abb |
| -- |
8 |
| -- |
DAMAGED |
| -- |
013248 |
| -- |
Main Library Open Access Collection |
| 995 ## - |
| -- |
TEXTBOOKS (ELEC.ENG.) |
| -- |
0.00 |
| -- |
03843 |
| -- |
CBU-SCHOOL TEXTBOOK COLLECTIONS |
| -- |
1 |
| -- |
0.00 |
| -- |
SCHOOL TEXTBOOK |
| -- |
12 |
| -- |
AVAILABLE |
| -- |
Aug 20, 2009 |
| -- |
03843 |
| -- |
School Collections |
| 995 ## - |
| -- |
BINDERY (DAMAGED) |
| -- |
0.00 |
| -- |
716043 |
| -- |
CBU-MAIN LIBRARY (Kitwe) |
| -- |
2 |
| -- |
2.75 |
| -- |
T 353 Abb |
| -- |
5 |
| -- |
DAMAGED |
| -- |
013245 |
| -- |
Main Library Open Access Collection |
| 995 ## - |
| -- |
TEXTBOOKS (SBE) |
| -- |
0.00 |
| -- |
5500 |
| -- |
CBU-SCHOOL TEXTBOOK COLLECTIONS |
| -- |
1 |
| -- |
0.00 |
| -- |
SCHOOL TEXTBOOK |
| -- |
17 |
| -- |
AVAILABLE |
| -- |
Sep 10, 2009 |
| -- |
5500 |
| -- |
School Collections |
| 995 ## - |
| -- |
TEXTBOOKS (ELEC.ENG.) |
| -- |
0.00 |
| -- |
03846 |
| -- |
CBU-SCHOOL TEXTBOOK COLLECTIONS |
| -- |
1 |
| -- |
0.00 |
| -- |
SCHOOL TEXTBOOK |
| -- |
15 |
| -- |
AVAILABLE |
| -- |
Aug 20, 2009 |
| -- |
03846 |
| -- |
School Collections |
| 995 ## - |
| -- |
MAIN LIBRARY OPEN ACCESS |
| -- |
0.00 |
| -- |
711858 |
| -- |
CBU-MAIN LIBRARY (Kitwe) |
| -- |
10 |
| -- |
2.75 |
| -- |
T 353 Abb |
| -- |
1 |
| -- |
AVAILABLE |
| -- |
013240 |
| -- |
Main Library Open Access Collection |
| 995 ## - |
| -- |
MAIN LIBRARY OPEN ACCESS |
| -- |
0.00 |
| -- |
716046 |
| -- |
CBU-MAIN LIBRARY (Kitwe) |
| -- |
7 |
| -- |
2.75 |
| -- |
T 353 Abb |
| -- |
3 |
| -- |
AVAILABLE |
| -- |
013243 |
| -- |
Main Library Open Access Collection |
| 995 ## - |
| -- |
BINDERY (DAMAGED) |
| -- |
0.00 |
| -- |
717976 |
| -- |
CBU-MAIN LIBRARY (Kitwe) |
| -- |
3 |
| -- |
2.75 |
| -- |
T 353 Abb |
| -- |
7 |
| -- |
DAMAGED |
| -- |
013247 |
| -- |
Main Library Open Access Collection |
| 999 ## - |
| -- |
80959 |
| -- |
80959 |